| 000 | 01559cam a22003131ia4500 | ||
|---|---|---|---|
| 003 | SA-RiAUC | ||
| 005 | 20250724035823.0 | ||
| 008 | 250724s1985 le h g b 001 0 ara c | ||
| 040 |
_aSA-EnSBSSC _bara _cSA-RiAUC _erda |
||
| 082 | 0 | 4 |
_a258.7 _qSA-RiAUC |
| 090 |
_a258.7 _bش و ك |
||
| 100 | 1 |
_aالشوكاني، محمد بن علي بن محمد، _d1173-1250 هجري _eمؤلف. |
|
| 245 | 1 | 2 |
_aالسيل الجرار المتدفق على حدائق الأزهار / _cمحمد بن علي الشوكاني ؛ تحقيق محمود إبراهيم زايد. |
| 250 | _aالطبعة الأولى. | ||
| 264 | 1 |
_aبيروت : _bدار الكتب العلمية، _c1985. |
|
| 300 |
_a4 مجلد : _bمثيليات ؛ _c29 سم |
||
| 336 |
_aنص _btxt _2rdacontent _3كتاب |
||
| 337 |
_aبدون وسيط _bn _2rdamedia |
||
| 338 |
_aمجلد _bnc _2rdacarrier |
||
| 500 | _aيشتمل على كشافات. | ||
| 504 | _aيشتمل على إرجاعات ببليوجرافية. | ||
| 590 | _aزكي. | ||
| 650 | 7 |
_aفقه الزيدية _2aucsh |
|
| 700 | 1 |
_aزايد، محمود إبراهيم _eمحقق. |
|
| 700 | 1 | 2 |
_iتحقيق لـ : _aالشوكاني، محمد بن علي بن محمد، _d1173-1250 هجري. _tالسيل الجرار المتدفق على حدائق الأزهار |
| 700 | 1 | 2 |
_iشرح لـ : _aالمهدي لدين الله، أحمد بن يحيى بن المرتضى، _d775-840 هجري. _tالأزهار في فقه الأئمة الأطهار |
| 942 |
_2ddc _cBOOK |
||
| 949 |
_aSA-JeALM _d250724 _ukhaled123 _n1 |
||
| 999 |
_c10237 _d10237 |
||